000 00455nam a2200169 4500
001 10879
007 tu
008 s1970||||||| ger
100 1 _aHoffmann, Erich
245 0 4 _aDie hundert Brauhäuser der Bürger im alten Frankfurt
_cErich Hoffmann
264 _bkeiner
264 _aFrankfurt (Oder)
_c1970
300 _a30 S.
365 _cDEM
440 0 _aStudien zur älteren Geschichte Frankfurts
_v6
_wR1005
546 _adeutsch
999 _c71745
_d71745